| 000 | 01083nam a2200265Ia 4500 | ||
|---|---|---|---|
| 003 | PE SENCICO BE | ||
| 005 | 20260323175719.0 | ||
| 008 | 200515s9999 xx 000 0 und d | ||
| 020 | _a84-252-1488-2 | ||
| 040 |
_aPE SENCICO BE _cPE SENCICO BE |
||
| 041 | _aspa | ||
| 082 |
_a720.47 _bO43 |
||
| 100 | 1 |
_aOlgyay, Victor _9612 _eautor |
|
| 245 | 1 | 0 |
_aArquitectura y clima : _bmanual de diseño bioclimático para arquitectos y urbanistas / _cVictor Olgyay |
| 250 | _a1a ed. | ||
| 260 |
_aBarcelona : _bGustavo Gili ; _c1998 |
||
| 300 |
_a203 páginas : _bilustraciones, tablas, gráficos ; _c21 cm. |
||
| 504 | _aBibliografía: p. 198-200 | ||
| 505 | 0 | _aInterpretación climática -- Interpretación según principios arquitectónicos | |
| 520 | 3 | _aDescribe la relación entre un edificio y el medio natural que lo envuelve. Desarrolla en tres partes que se refieren, respectivamente: al clima y su relación con el ser humano | |
| 650 | 1 | 0 |
_aArquitectura bioclimática _9450 |
| 650 | 2 | 0 |
_aUrbanismo _9547 |
| 650 | 2 | 0 |
_aDiseño arquitectónico _9316 |
| 942 |
_cLIB _2ddc |
||
| 999 |
_c2330 _d2330 |
||